000 00912cam a22002054a 4500
005 20250605163941.0
008 250528s ||||||||||||||||||||||||d
035 _a15045
020 _a876200293
040 _aGR-AtMCL
_bgre
_dGR-AtMCL
_eAACR2
245 1 _aAccounting: An Introduction / Student Guide and Practice Sets to Accompany: Second Edition
250 _a2nd
260 _bGoodyear Publishing Company,
_c1977
300 _a312
520 _aStudent's Guide and Practice Sets to Accompany. Total Assets, Owner's Equity, Net Income, Trial Balance, Schedule of Unpaid Vouchers, Vouchers Payable Credit Column, Net Income, Total Stockholders' Equity, Total Shareholders' Equity, Payments to Partners Entitled to Receive Payment, Total Elimination Columns, Financial Resources Provided, Net Income, A Key Figure.
700 1 _aWoelfel Charles J
_9883
942 _cBK
999 _c648
_d648